[Event "Prague Summer Holiday K1"]
[Site "Prague"]
[Date "2022.07.28"]
[Round "8"]
[White "Spindler, Markus"]
[Black "Fitzke, Ulrich"]
[Result "1-0"]
[WhiteElo "1903"]
[BlackElo "1740"]
[PlyCount "115"]
[EventDate "2022.07.24"]
[EventType "tourn"]
[EventRounds "9"]
[EventCountry "CZE"]
[SourceTitle "CBM 209 Extra"]
[Source "ChessBase"]
[SourceDate "2022.09.30"]
[SourceVersion "1"]
[SourceVersionDate "2022.09.30"]
[SourceQuality "1"]

1. e4 c5 2. c3 d6 3. d4 cxd4 4. cxd4 e6 5. Nc3 Nf6 6. Nf3 Be7 7. Bf4 0-0 8. Bd3 b6 9. 0-0 Ba6 10. Rc1 Bxd3 11. Qxd3 Nbd7 12. Rfe1 a6 13. a4 h6 14. h3 Nh7 15. Re2 Ng5 16. Rec2 Nxf3+ 17. Qxf3 Re8 18. Qg3 Bh4 19. Qg4 Bg5 20. Bxg5 Qxg5 21. Qxg5 hxg5 22. Nd1 Kf8 23. Rc7 Ke7 24. Ne3 b5 25. b3 Reb8 26. a5 Kd8 27. Kf1 Rc8 28. R7c6 Rxc6 29. Rxc6 Ke7 30. Ke2 Ra7 31. Kd3 Nb8 32. Rc8 Nd7 33. Nc2 e5 34. Nb4 Kf6 35. Rc6 exd4 36. Rxd6+ Ke5 37. Rd5+ Kf6 38. Kxd4 Nf8 39. Rd6+ Ne6+ 40. Ke3 Ke5 41. Rd5+ Kf6 42. g3 Ra8 43. Rd6 Ke5 44. Rxa6 Rc8 45. Rc6 Ra8 46. Nd3+ Kf6 47. b4 Ke7 48. Nc5 Nxc5 49. Rxc5 f6 50. Rxb5 Rc8 51. Rb7+ Kf8 52. a6 Rc3+ 53. Ke2 Rc2+ 54. Kf3 Rc3+ 55. Kg2 Rc4 56. a7 Rxe4 57. a8Q+ Re8 58. Rb8 1-0

[Event "Prague Summer Holiday K1"]
[Site "Prague"]
[Date "2022.07.25"]
[Round "3"]
[White "Hosova, Sandra"]
[Black "Spindler, Markus"]
[Result "0-1"]
[WhiteElo "1779"]
[BlackElo "1903"]
[PlyCount "120"]
[EventDate "2022.07.24"]
[EventType "tourn"]
[EventRounds "9"]
[EventCountry "CZE"]
[SourceTitle "CBM 209 Extra"]
[Source "ChessBase"]
[SourceDate "2022.09.30"]
[SourceVersion "1"]
[SourceVersionDate "2022.09.30"]
[SourceQuality "1"]

1. d4 d5 2. Bf4 e6 3. Nf3 Bd6 4. Bg3 Nf6 5. e3 0-0 6. Bd3 Nbd7 7. Nbd2 Qe7 8. Ne5 c5 9. c3 c4 10. Bc2 Re8 11. Qf3 Nf8 12. Bh4 Ng6 13. Bxg6 fxg6 14. Ng4 Rf8 15. e4 e5 16. Nxf6+ gxf6 17. 0-0 exd4 18. cxd4 Bb4 19. Qe2 Bxd2 20. Qxd2 Qxe4 21. Bg3 Bd7 22. Rfe1 Qf5 23. Re7 Rae8 24. Rae1 Rxe7 25. Rxe7 Rf7 26. Re1 Rf8 27. h3 Re8 28. Rxe8+ Bxe8 29. Qe1 Kf7 30. Qa5 a6 31. Qc7+ Qd7 32. Qf4 Qe7 33. Qh6 Kg8 34. Bb8 b6 35. Qf4 g5 36. Qg3 Bg6 37. Bd6 Qe6 38. Ba3 Bf7 39. Qb8+ Kg7 40. Qf8+ Kg6 41. Qe7 Qc6 42. Qf8 c3 43. Qb4 c2 44. b3 c1Q+ 45. Bxc1 Qxc1+ 46. Kh2 Qc7+ 47. Kg1 Kg7 48. Qd2 Bg6 49. Qe2 Qc1+ 50. Qf1 Qxf1+ 51. Kxf1 b5 52. b4 Bd3+ 53. Ke1 h5 54. g3 h4 55. gxh4 gxh4 56. f4 Bf5 57. Kf2 Bxh3 58. Kf3 Bf5 59. a3 Kg6 60. Kg2 Kh5 0-1

[Event "Chess Holiday 2017 K21"]
[Site "Prague"]
[Date "2017.07.25"]
[Round "5"]
[White "Spindler, Markus"]
[Black "Vojta, Jakub"]
[Result "1-0"]
[WhiteElo "1979"]
[BlackElo "1945"]
[PlyCount "73"]
[EventDate "2017.07.23"]
[EventType "tourn"]
[EventRounds "9"]
[EventCountry "CZE"]
[SourceTitle "EXT 2024"]
[Source "ChessBase"]
[SourceDate "2023.10.10"]
[SourceVersion "1"]
[SourceVersionDate "2023.10.10"]
[SourceQuality "1"]

1. e4 c5 2. c3 d5 3. exd5 Qxd5 4. d4 g6 5. Nf3 Bg7 6. Na3 cxd4 7. cxd4 Nc6 8. Nb5 Kd8 9. Be3 Bg4 10. Nc3 Qa5 11. Be2 e6 12. 0-0 Nf6 13. Qb3 Qb4 14. h3 Bf5 15. g4 Qxb3 16. axb3 Bc2 17. Bc4 Ke7 18. d5 exd5 19. Bc5+ Kd7 20. Nxd5 Nxd5 21. Bxd5 f5 22. Bxc6+ bxc6 23. Bd4 Rhg8 24. Bxg7 Rxg7 25. Nd4 Be4 26. Rfd1 Bd5 27. b4 fxg4 28. hxg4 Kd6 29. Ra6 h5 30. Nxc6 hxg4 31. Nd4+ Ke5 32. Ra5 Rd7 33. Ne2 Rh8 34. Ng3 Rhh7 35. Kf1 Ke6 36. Ra6+ Rd6 37. Re1+ 1-0

[Event "Prague Holiday K11"]
[Site "Prague"]
[Date "2016.07.20"]
[Round "6"]
[White "Spindler, Markus"]
[Black "Palla, Ivan"]
[Result "1/2-1/2"]
[WhiteElo "1985"]
[BlackElo "1536"]
[PlyCount "57"]
[EventDate "2016.07.17"]
[EventType "tourn"]
[EventRounds "9"]
[EventCountry "CZE"]
[SourceTitle "EXT 2023"]
[Source "ChessBase"]
[SourceDate "2022.10.05"]
[SourceVersion "1"]
[SourceVersionDate "2022.10.05"]
[SourceQuality "1"]

1. e4 c5 2. c3 e6 3. d4 d6 4. Nf3 Nc6 5. Be3 Nf6 6. Nbd2 Be7 7. Be2 0-0 8. h3 a6 9. a4 Qc7 10. 0-0 b6 11. Qc2 Bb7 12. Rac1 Rac8 13. Bd3 Qb8 14. Qb1 h6 15. Rfe1 cxd4 16. Nxd4 Ne5 17. f4 Nxd3 18. Qxd3 Nd7 19. b4 Bh4 20. Rf1 Bf6 21. N4f3 Rfd8 22. Rc2 a5 23. Rfc1 e5 24. f5 Be7 25. g4 axb4 26. cxb4 Rxc2 27. Rxc2 d5 28. Qb5 d4 29. Bf2 1/2-1/2

[Event "Prague Holiday K11"]
[Site "Prague"]
[Date "2016.07.17"]
[Round "1"]
[White "Spindler, Markus"]
[Black "Veselsky, Jan"]
[Result "1-0"]
[WhiteElo "1985"]
[BlackElo "1653"]
[PlyCount "103"]
[EventDate "2016.07.17"]
[EventType "tourn"]
[EventRounds "9"]
[EventCountry "CZE"]
[SourceTitle "EXT 2023"]
[Source "ChessBase"]
[SourceDate "2022.10.05"]
[SourceVersion "1"]
[SourceVersionDate "2022.10.05"]
[SourceQuality "1"]

1. e4 c6 2. d4 d5 3. e5 Bf5 4. h4 h5 5. Nf3 e6 6. Bd3 Bxd3 7. Qxd3 Qa5+ 8. Bd2 Qa6 9. Nc3 Nh6 10. Ne2 c5 11. Qxa6 Nxa6 12. c3 Be7 13. 0-0 Nf5 14. g3 0-0 15. Rac1 Rac8 16. Kh2 Rc6 17. Rg1 Rfc8 18. Be3 cxd4 19. Nfxd4 Nxd4 20. Nxd4 Rc4 21. Nb5 Nc7 22. b3 Nxb5 23. bxc4 Rxc4 24. Bd4 Ba3 25. Rb1 a6 26. Rb3 Be7 27. Rd1 Kf8 28. Rd3 Bd8 29. f4 b6 30. Kg2 Ra4 31. Rd2 Na3 32. Bxb6 Bxb6 33. Rxb6 Nc4 34. Rb8+ Ke7 35. Re2 Ra3 36. Rb7+ Ke8 37. Rb3 Ra5 38. Kf3 Rc5 39. g4 g6 40. gxh5 gxh5 41. Rg2 Kd7 42. Ke2 Ra5 43. Kd3 Kc6 44. Rb8 Na3 45. Rc8+ Kd7 46. Rf8 Ke7 47. Rb8 Kd7 48. Rb7+ Kc6 49. Rxf7 Nb5 50. Rg6 Nc7 51. Rgg7 Ne8 52. Rg8 1-0

[Event "Prague Holiday M21"]
[Site "Prague"]
[Date "2015.07.29"]
[Round "6"]
[White "Hollan, Martin"]
[Black "Spindler, Markus"]
[Result "1-0"]
[WhiteElo "2180"]
[BlackElo "2034"]
[PlyCount "101"]
[EventDate "2015.07.26"]
[EventType "tourn"]
[EventRounds "9"]
[EventCountry "CZE"]
[SourceTitle "EXT 2017"]
[Source "ChessBase"]
[SourceDate "2016.10.25"]
[SourceVersion "1"]
[SourceVersionDate "2016.10.25"]
[SourceQuality "1"]

1. e4 e5 2. d4 d6 3. Nf3 exd4 4. Nxd4 Nf6 5. Nc3 Nc6 6. Be2 Be7 7. Be3 Bd7 8. Nb3 Be6 9. f4 Qd7 10. f5 Bxb3 11. axb3 a6 12. g4 h6 13. Bf3 Ne5 14. Qe2 Nxf3+ 15. Qxf3 Qc6 16. 0-0-0 Nd7 17. Bd4 Bf6 18. Bxf6 Nxf6 19. Rd4 0-0-0 20. Rc4 Qb5 21. Rd1 Rhe8 22. h4 c6 23. Rcd4 c5 24. Nd5 Nxd5 25. Rxd5 Qb4 26. c4 b5 27. e5 bxc4 28. Rxd6 Rxd6 29. exd6 Kb8 30. d7 Rd8 31. Qf4+ Ka8 32. Qxc4 Qxc4+ 33. bxc4 Kb7 34. Rd6 a5 35. Kc2 Kc7 36. Rd5 Rxd7 37. Rxc5+ Kb6 38. Rb5+ Ka6 39. Rd5 Re7 40. Kd3 Rb7 41. Kc3 a4 42. Rd6+ Ka7 43. c5 Rb3+ 44. Kc2 Rb5 45. Rd7+ Kb8 46. Rxf7 Rxc5+ 47. Kb1 Rb5 48. Ka2 h5 49. Rxg7 hxg4 50. f6 a3 51. f7 1-0

[Event "Prague Holiday M21"]
[Site "Prague"]
[Date "2015.07.27"]
[Round "3"]
[White "Spindler, Markus"]
[Black "Sittinger, Lutz"]
[Result "1-0"]
[WhiteElo "2034"]
[BlackElo "1909"]
[PlyCount "21"]
[EventDate "2015.07.26"]
[EventType "tourn"]
[EventRounds "9"]
[EventCountry "CZE"]
[SourceTitle "EXT 2017"]
[Source "ChessBase"]
[SourceDate "2016.10.25"]
[SourceVersion "1"]
[SourceVersionDate "2016.10.25"]
[SourceQuality "1"]

1. e4 e5 2. Nf3 Nc6 3. Bc4 Bc5 4. c3 d6 5. d4 exd4 6. cxd4 Bb4+ 7. Kf1 Bd7 8. Qb3 Ba5 9. Bxf7+ Kf8 10. Bxg8 Rxg8 11. Ng5 1-0

[Event "Prague Holiday M21"]
[Site "Prague"]
[Date "2015.07.26"]
[Round "1"]
[White "Spindler, Markus"]
[Black "Andersson, Stefan1111"]
[Result "0-1"]
[WhiteElo "2034"]
[BlackElo "2009"]
[PlyCount "62"]
[EventDate "2015.07.26"]
[EventType "tourn"]
[EventRounds "9"]
[EventCountry "CZE"]
[SourceTitle "EXT 2017"]
[Source "ChessBase"]
[SourceDate "2016.10.25"]
[SourceVersion "1"]
[SourceVersionDate "2016.10.25"]
[SourceQuality "1"]

1. e4 e5 2. Nf3 Nc6 3. Bc4 Bc5 4. c3 Nf6 5. d3 d6 6. 0-0 h6 7. b4 Bb6 8. Qb3 0-0 9. Nbd2 Bg4 10. Bb2 a5 11. a4 Qd7 12. Bb5 Rad8 13. Rac1 Rfe8 14. Bc4 Bh5 15. Rfe1 Ne7 16. h3 Ng6 17. b5 Nf4 18. d4 Bxf3 19. Nxf3 exd4 20. e5 dxc3 21. Bxc3 N6h5 22. Rcd1 d5 23. Rd2 dxc4 24. Qxc4 Qf5 25. Nd4 Qg5 26. g3 Nxg3 27. fxg3 Qxg3+ 28. Kf1 Qxh3+ 29. Kg1 Re6 30. Kf2 Rg6 31. Rg1 Qh2+ 0-1

[Event "Prague Holiday M31"]
[Site "Prague"]
[Date "2013.08.01"]
[Round "7"]
[White "Gregor, Jiri"]
[Black "Spindler, Markus"]
[Result "1-0"]
[WhiteElo "2276"]
[BlackElo "2067"]
[PlyCount "93"]
[EventDate "2013.07.28"]
[EventType "tourn"]
[EventRounds "9"]
[EventCountry "CZE"]
[SourceTitle "EXT 2023"]
[Source "ChessBase"]
[SourceDate "2022.10.05"]
[SourceVersion "1"]
[SourceVersionDate "2022.10.05"]
[SourceQuality "1"]

1. d4 d5 2. c4 e6 3. Nc3 f5 4. Nf3 Nf6 5. g3 c6 6. Bg2 Bd6 7. Bf4 Bxf4 8. gxf4 0-0 9. e3 Ne4 10. Qc2 Nd7 11. 0-0 Ndf6 12. Ne5 Bd7 13. Rac1 Be8 14. Ne2 Bh5 15. f3 Nd6 16. c5 Nf7 17. b4 Nxe5 18. dxe5 Ne8 19. Nd4 Nc7 20. a4 a6 21. Rf2 Kh8 22. Kh1 g5 23. Ne2 g4 24. fxg4 Bxg4 25. Nd4 Rg8 26. Rg1 Qh4 27. Qd2 Rg6 28. Bf1 Rag8 29. Rfg2 Qh3 30. Qf2 Qh5 31. Rg3 R8g7 32. R1g2 Rg8 33. Kg1 R8g7 34. Kh1 Rg8 35. Be2 R8g7 36. Kg1 Rg8 37. Kf1 Bxe2+ 38. Qxe2 Qxe2+ 39. Kxe2 Rxg3 40. hxg3 Rg4 41. Kf3 Kg7 42. Nb3 Kf7 43. Na5 Ke7 44. Rh2 Rg7 45. Nxb7 d4 46. Rd2 Nd5 47. Rxd4 1-0

[Event "Prague Holiday M31"]
[Site "Prague"]
[Date "2012.07.29"]
[Round "2"]
[White "Staufenberger, Bernd"]
[Black "Spindler, Markus"]
[Result "1/2-1/2"]
[WhiteElo "2079"]
[BlackElo "2092"]
[PlyCount "91"]
[EventDate "2012.07.29"]
[EventType "tourn"]
[EventRounds "9"]
[EventCountry "CZE"]
[SourceTitle "EXT 2023"]
[Source "ChessBase"]
[SourceDate "2022.10.05"]
[SourceVersion "1"]
[SourceVersionDate "2022.10.05"]
[SourceQuality "1"]

1. d4 f5 2. Bg5 Nf6 3. Bxf6 exf6 4. e3 d5 5. c4 c6 6. Nc3 Be7 7. cxd5 cxd5 8. Qb3 Nc6 9. Qxd5 Qb6 10. Qb5 Bb4 11. Nf3 Bd7 12. Qxb6 axb6 13. Be2 0-0 14. 0-0 Be6 15. d5 Bxc3 16. dxe6 Be5 17. Rfd1 Rfd8 18. Bc4 Kf8 19. Nxe5 fxe5 20. f3 Ke7 21. g4 fxg4 22. fxg4 Rxd1+ 23. Rxd1 Rd8 24. Rf1 Rf8 25. Rxf8 Kxf8 26. Kg2 Ke7 27. Kf3 Kd6 28. Ke4 Ne7 29. b3 g6 30. h3 Nc6 31. a3 Ne7 32. b4 Nc6 33. h4 Ne7 34. Bb3 Nc6 35. h5 Ne7 36. b5 Ng8 37. hxg6 hxg6 38. g5 Ne7 39. a4 Nf5 40. Bd5 Ne7 41. Bxb7 Kxe6 42. Bc6 Kd6 43. Be8 Ke6 44. Bc6 Kd6 45. Be8 Ke6 46. Bc6 1/2-1/2

[Event "Prague Holiday M22"]
[Site "Prague"]
[Date "2010.07.27"]
[Round "4"]
[White "Dalling, Peter"]
[Black "Spindler, Markus"]
[Result "0-1"]
[WhiteElo "1995"]
[BlackElo "2076"]
[PlyCount "94"]
[EventDate "2010.07.25"]
[EventType "tourn"]
[EventRounds "9"]
[EventCountry "CZE"]
[SourceTitle "EXT 2023"]
[Source "ChessBase"]
[SourceDate "2022.10.05"]
[SourceVersion "1"]
[SourceVersionDate "2022.10.05"]
[SourceQuality "1"]

1. Nc3 e5 2. e4 Nf6 3. Bc4 Bc5 4. d3 h6 5. Nf3 d6 6. h3 Nc6 7. Qe2 Be6 8. a3 Qd7 9. Be3 0-0 10. Qd2 Bb6 11. g4 Nd4 12. Bxd4 exd4 13. Bxe6 dxc3 14. Bxd7 cxd2+ 15. Nxd2 Nxd7 16. f4 f6 17. Ke2 Rae8 18. Kf3 g5 19. f5 Ne5+ 20. Kg3 Be3 21. Nb3 Bf4+ 22. Kg2 c5 23. Rad1 b6 24. Rhe1 a5 25. a4 Rf7 26. c4 Rfe7 27. Na1 Nc6 28. Nc2 Rh7 29. Na3 h5 30. Rh1 Kg7 31. gxh5 Rxh5 32. Nb5 Be5 33. Nc7 Reh8 34. Ne6+ Kf7 35. Nc7 Nb4 36. b3 g4 37. hxg4 Rxh1 38. Rxh1 Rxh1 39. Kxh1 Nxd3 40. Nd5 Nf2+ 41. Kg2 Nxe4 42. Nxb6 Nd2 43. Kf2 Nxb3 44. Ke3 Kg7 45. Kf3 Kh6 46. Kg2 Kg5 47. Kh3 Nd2 0-1

[Event "Nova Gorica op 03rd"]
[Site "Nova Gorica"]
[Date "1998.??.??"]
[Round "2"]
[White "Crepan, Marjan"]
[Black "Spindler, Markus"]
[Result "1-0"]
[WhiteElo "2295"]
[BlackElo "2125"]
[PlyCount "61"]
[EventDate "1998.01.??"]
[EventType "swiss"]
[EventRounds "9"]
[EventCountry "SLO"]
[SourceTitle "EXT 1999"]
[Source "ChessBase"]
[SourceDate "1998.11.16"]
[SourceVersion "1"]
[SourceVersionDate "1998.11.16"]
[SourceQuality "1"]

1. e4 e5 2. Nf3 Nf6 3. Nc3 Bb4 4. Bc4 0-0 5. 0-0 d6 6. d3 h6 7. Ne2 Bg4 8. Ng3 Nh5 9. h3 Nxg3 10. fxg3 Bc5+ 11. Kh2 Be6 12. Nh4 Bxc4 13. dxc4 Nc6 14. Qg4 Kh7 15. Bxh6 gxh6 16. Rxf7+ Rxf7 17. Qg6+ Kh8 18. Qxf7 Ne7 19. Rf1 Qe8 20. Qe6 Ng8 21. Qf7 Ne7 22. Qxe7 Qxe7 23. Ng6+ Kg7 24. Nxe7 Re8 25. Nf5+ Kg6 26. g4 a6 27. h4 b5 28. cxb5 axb5 29. a3 d5 30. h5+ Kg5 31. Ng7 1-0

[Event "Nova Gorica op 03rd"]
[Site "Nova Gorica"]
[Date "1998.??.??"]
[Round "6"]
[White "Grosar, Kiti"]
[Black "Spindler, Markus"]
[Result "1/2-1/2"]
[WhiteElo "2225"]
[BlackElo "2125"]
[PlyCount "118"]
[EventDate "1998.01.??"]
[EventType "swiss"]
[EventRounds "9"]
[EventCountry "SLO"]
[SourceTitle "EXT 1999"]
[Source "ChessBase"]
[SourceDate "1998.11.16"]
[SourceVersion "1"]
[SourceVersionDate "1998.11.16"]
[SourceQuality "1"]

1. e4 e5 2. Nf3 Nf6 3. Nxe5 d6 4. Nf3 Nxe4 5. d4 d5 6. Bd3 Bd6 7. 0-0 0-0 8. c4 c6 9. cxd5 cxd5 10. Nc3 Nxc3 11. bxc3 h6 12. Rb1 Nd7 13. Re1 Nf6 14. Ne5 Qc7 15. Qf3 Re8 16. Bxh6 Bxe5 17. dxe5 Rxe5 18. Bf4 Rxe1+ 19. Rxe1 Qc6 20. Bg5 Ne4 21. Bxe4 dxe4 22. Qxe4 Qxe4 23. Rxe4 Be6 24. a3 Rc8 25. Re3 Kf8 26. Rd3 f6 27. Bf4 Ke8 28. f3 Rd8 29. Re3 Rd1+ 30. Kf2 Kd7 31. h4 Bc4 32. Re4 b5 33. Be3 Rd3 34. Rg4 Rxc3 35. Rxg7+ Ke6 36. Rxa7 Rc2+ 37. Kg1 Be2 38. h5 Rc8 39. h6 Rh8 40. Ra6+ Kf7 41. Ra7+ Ke6 42. Kf2 Bd3 43. g4 Rh7 44. Ra6+ Kf7 45. Rd6 Bc4 46. Kg3 Ke7 47. Ra6 Bd3 48. Kh4 Kf7 49. Rd6 Be2 50. Kh5 Bxf3 51. Bd4 Bxg4+ 52. Kxg4 Rxh6 53. Rb6 f5+ 54. Kf4 Rxb6 55. Bxb6 Ke6 56. Bd4 Kd5 57. Bc3 Kc6 58. Bd4 Kd5 59. Bc3 Kc6 1/2-1/2

[Event "Nova Gorica op 03rd"]
[Site "Nova Gorica"]
[Date "1998.??.??"]
[Round "4"]
[White "Kavcic, Uros"]
[Black "Spindler, Markus"]
[Result "1/2-1/2"]
[WhiteElo "2225"]
[BlackElo "2125"]
[PlyCount "88"]
[EventDate "1998.01.??"]
[EventType "swiss"]
[EventRounds "9"]
[EventCountry "SLO"]
[SourceTitle "EXT 1999"]
[Source "ChessBase"]
[SourceDate "1998.11.16"]
[SourceVersion "1"]
[SourceVersionDate "1998.11.16"]
[SourceQuality "1"]

1. e4 e5 2. f4 exf4 3. Bc4 Qh4+ 4. Kf1 d6 5. Nf3 Bg4 6. d4 Nc6 7. c3 Qh5 8. Bxf4 Bxf3 9. Qxf3 Qxf3+ 10. gxf3 Nf6 11. Na3 a6 12. Nc2 Be7 13. Rg1 Nh5 14. Bd2 Bf6 15. Ne3 Ne7 16. Ng4 Bh4 17. Be1 Bxe1 18. Rxe1 b5 19. Bb3 Nf4 20. e5 Nd3 21. Re3 Nxb2 22. Nf6+ Kd8 23. exd6 cxd6 24. Nd5 Nf5 25. Re2 Nc4 26. Bc2 g6 27. Bxf5 gxf5 28. Rg7 Ra7 29. Nb4 Rc7 30. Nxa6 Re7 31. Nb4 Rxe2 32. Kxe2 Ke7 33. Nd5+ Ke6 34. Nc7+ Kf6 35. Rg1 Na3 36. Kd3 Rc8 37. Nd5+ Ke6 38. Nf4+ Kf6 39. Re1 Kg5 40. Nd5 Nc4 41. Re7 Ra8 42. Nc7 Rxa2 43. Nxb5 d5 44. Re2 Nb2+ 1/2-1/2

[Event "Budapest Spring op 13th"]
[Site "Budapest"]
[Date "1997.??.??"]
[Round "7"]
[White "Antal, Gergely"]
[Black "Spindler, Markus"]
[Result "1/2-1/2"]
[WhiteElo "2220"]
[BlackElo "2125"]
[PlyCount "135"]
[EventDate "1997.03.??"]
[EventType "swiss"]
[EventRounds "9"]
[EventCountry "HUN"]
[SourceTitle "EXT 1998"]
[Source "ChessBase"]
[SourceDate "1997.11.17"]
[SourceVersion "1"]
[SourceVersionDate "1997.11.17"]
[SourceQuality "1"]

1. e4 e5 2. Nc3 Nf6 3. f4 exf4 4. e5 Ng8 5. Nf3 d6 6. Qe2 Be6 7. d4 dxe5 8. Qxe5 Nd7 9. Qxf4 Ngf6 10. Bd3 Bd6 11. Qh4 Qe7 12. 0-0 0-0-0 13. Nb5 a6 14. Nxd6+ Qxd6 15. Bf4 Qb6 16. b3 h6 17. Qf2 g5 18. Bg3 Nh5 19. c4 Nxg3 20. hxg3 g4 21. Nd2 Ne5 22. Bc2 Qxd4 23. Qxd4 Rxd4 24. Ne4 Nd3 25. Nf6 Nb4 26. Bf5 Bxf5 27. Rxf5 Rhd8 28. Re1 Nc2 29. Rc1 Ne3 30. Re5 R4d6 31. Ne4 Re6 32. Rxe6 fxe6 33. Nc5 Re8 34. Re1 Nf5 35. Kf2 e5 36. Re4 h5 37. Nd3 Rd8 38. Rxe5 Nxg3 39. Nf4 h4 40. Ke1 Rf8 41. Nh5 Rf1+ 42. Kd2 Rf2+ 43. Kc3 Nxh5 44. Rxh5 Rxa2 45. Rxh4 Rxg2 46. Rh8+ Kd7 47. Rh7+ Kd6 48. Rh6+ Ke5 49. Rh7 Rg3+ 50. Kb2 Kd6 51. Rh6+ Kc5 52. Ka3 b5 53. Rh5+ Kb6 54. c5+ Kc6 55. Rg5 a5 56. Kb2 Rg1 57. Ka2 g3 58. Ka3 Rg2 59. b4 axb4+ 60. Kxb4 Rg1 61. Rg6+ Kd5 62. Rg5+ Ke4 63. Kxb5 g2 64. Kc6 Kf3 65. Kxc7 Rh1 66. c6 g1Q 67. Rxg1 Rxg1 68. Kd7 1/2-1/2

[Event "Budapest Spring op 13th"]
[Site "Budapest"]
[Date "1997.??.??"]
[Round "3"]
[White "Othman, A Moussa"]
[Black "Spindler, Markus"]
[Result "1/2-1/2"]
[WhiteElo "2330"]
[BlackElo "2125"]
[PlyCount "101"]
[EventDate "1997.03.??"]
[EventType "swiss"]
[EventRounds "9"]
[EventCountry "HUN"]
[SourceTitle "EXT 1998"]
[Source "ChessBase"]
[SourceDate "1997.11.17"]
[SourceVersion "1"]
[SourceVersionDate "1997.11.17"]
[SourceQuality "1"]

1. d4 e6 2. c4 f5 3. g3 Nf6 4. Bg2 d5 5. Nf3 c6 6. 0-0 Bd6 7. b3 0-0 8. Ba3 Bxa3 9. Nxa3 Qe7 10. Nc2 Nbd7 11. e3 e5 12. Nxe5 Nxe5 13. dxe5 Qxe5 14. cxd5 Rd8 15. Qd4 Qxd4 16. Nxd4 Nxd5 17. Rac1 f4 18. Bxd5+ Rxd5 19. gxf4 Bh3 20. Rfd1 Rad8 21. b4 R5d6 22. Kh1 Bg4 23. Re1 Rg6 24. f3 Rxd4 25. fxg4 Rxb4 26. Rb1 Ra4 27. Rxb7 Rxa2 28. Rd1 h5 29. g5 c5 30. Rb8+ Kh7 31. Rg1 Rb6 32. Rc8 g6 33. Rc7+ Kg8 34. Rd1 Rb8 35. Kg1 c4 36. e4 c3 37. f5 c2 38. Rc1 gxf5 39. R1xc2 Rxc2 40. Rxc2 fxe4 41. Kf2 h4 42. Ke3 Kg7 43. Kxe4 Kg6 44. Rc5 Rb2 45. Kf4 Rb4+ 46. Kf3 Ra4 47. Rd5 Kh5 48. Rc5 Ra1 49. h3 a5 50. g6+ Kxg6 51. Rc4 1/2-1/2